[Event "August TNT"]
[Site "Winnipeg CAN"]
[Date "2003.08.05"]
[Round "1"]
[White "Shome, Devarshi"]
[Black "Van Wyk, Joseph"]
[Result "1/2-1/2"]
[WhiteElo "1624"]
[BlackElo "1930"]
[PlyCount "52"]
[EventDate "2003.08.05"]
[EventType "swiss"]
[EventRounds "4"]
[EventCountry "CAN"]

1. e4 c6 2. d4 d5 3. Nc3 dxe4 4. Nxe4 Nd7 5. Nf3 Ngf6 6. Ng3 e6 7. Bd3 Bd6 8.
O-O c5 9. Re1 O-O 10. Bg5 h6 11. Ne4 Be7 12. Bxf6 Bxf6 13. Nxf6+ Qxf6 14. Bb5
Rd8 15. c3 a6 16. Ba4 b5 17. Bb3 cxd4 18. Qxd4 Bb7 19. Qxf6 Nxf6 20. Ne5 Rd2
21. Rad1 Rxb2 22. Nd3 Rxb3 23. axb3 Rc8 24. Rc1 Bd5 25. Nb4 Bxb3 26. Nxa6 Nd5
1/2-1/2

[Event "August TNT"]
[Site "Winnipeg CAN"]
[Date "2003.08.05"]
[Round "1"]
[White "Taylor, Evan"]
[Black "Klokow, John"]
[Result "0-1"]
[WhiteElo "1402"]
[BlackElo "1750"]
[PlyCount "24"]
[EventDate "2003.08.05"]
[EventType "swiss"]
[EventRounds "4"]
[EventCountry "CAN"]

1. e4 e5 2. Nc3 Nf6 3. Bc4 Nc6 4. d3 Be7 5. Nge2 O-O 6. O-O d6 7. h3 Na5 8. Bb3
c6 9. Bd2 Qc7 10. Nb5 cxb5 11. Ng3 Be6 12. Nf5 Bxf5 0-1

[Event "August TNT"]
[Site "Winnipeg CAN"]
[Date "2003.08.12"]
[Round "2"]
[White "Cleto, Sam"]
[Black "Rutter, Blair"]
[Result "1-0"]
[WhiteElo "1855"]
[BlackElo "1730"]
[PlyCount "75"]
[EventDate "2003.08.05"]
[EventType "swiss"]
[EventRounds "4"]
[EventCountry "CAN"]

1. g3 d5 2. Bg2 e5 3. d3 c6 4. Nf3 Bd6 5. O-O Nf6 6. Bg5 O-O 7. Nbd2 Be6 8. b4
Nbd7 9. c3 Qc7 10. Rc1 h6 11. Bxf6 Nxf6 12. e4 Rac8 13. a4 Qd7 14. Nh4 Nh7 15.
Nhf3 f5 16. Nh4 f4 17. Ndf3 Bg4 18. Qb3 Be6 19. c4 Rf6 20. cxd5 cxd5 21. exd5
Bf7 22. Rxc8+ Qxc8 23. Nd2 Ng5 24. Ne4 Nxe4 25. dxe4 Kh7 26. Nf5 Bf8 27. Qb2
Qe8 28. a5 Bh5 29. Rc1 Qb5 30. Rc7 Qd3 31. Rc3 Qd1+ 32. Bf1 Qe1 33. Rc4 Bg4 34.
Nh4 Bd1 35. Ng2 Qxf1+ 36. Kxf1 f3 37. Ne3 Be2+ 38. Ke1 1-0

[Event "August TNT"]
[Site "Winnipeg CAN"]
[Date "2003.08.12"]
[Round "2"]
[White "Clory, Ron"]
[Black "Vincent, Trevor"]
[Result "0-1"]
[WhiteElo "1669"]
[BlackElo "2023"]
[PlyCount "40"]
[EventDate "2003.08.05"]
[EventType "swiss"]
[EventRounds "4"]
[EventCountry "CAN"]

1. Nf3 c5 2. d3 g6 3. g3 Bg7 4. Bg2 Nc6 5. Nbd2 e5 6. e4 Nge7 7. O-O O-O 8. Nc4
d6 9. Ne3 h6 10. c4 Be6 11. Nd5 f5 12. Ne1 Qd7 13. Rb1 Rf7 14. a3 Raf8 15. b4
f4 16. Bb2 f3 17. Bxf3 Rxf3 18. Nxf3 Bg4 19. Nxe5 Nxe5 20. Qd2 Nf3+ 0-1

[Event "August TNT"]
[Site "Winnipeg CAN"]
[Date "2003.08.12"]
[Round "2"]
[White "Greenberg, Harley"]
[Black "Nikouline, Alexandre"]
[Result "0-1"]
[WhiteElo "1837"]
[BlackElo "1993"]
[PlyCount "50"]
[EventDate "2003.08.05"]
[EventType "swiss"]
[EventRounds "4"]
[EventCountry "CAN"]

1. d4 Nf6 2. c4 g6 3. Nc3 d5 4. g3 Bg7 5. Bg2 c6 6. Nf3 O-O 7. O-O dxc4 8. Qa4
b5 9. Qc2 Nd5 10. Ne5 Bb7 11. Ne4 f6 12. Ng4 f5 13. Nh6+ Bxh6 14. Bxh6 fxe4 15.
Bxf8 Qxf8 16. Bxe4 Qf6 17. h4 Nd7 18. h5 Qg5 19. hxg6 hxg6 20. a4 Kg7 21. axb5
Rh8 22. bxc6 Qh5 23. Rfd1 Bxc6 24. Ra6 Qh2+ 25. Kf1 Qh1+ 0-1

[Event "August TNT"]
[Site "Winnipeg CAN"]
[Date "2003.08.12"]
[Round "2"]
[White "Klokow, John"]
[Black "Lauritson, Jim"]
[Result "1/2-1/2"]
[WhiteElo "1750"]
[BlackElo "1895"]
[PlyCount "128"]
[EventDate "2003.08.05"]
[EventType "swiss"]
[EventRounds "4"]
[EventCountry "CAN"]

1. e4 c5 2. Nf3 e6 3. d4 cxd4 4. Nxd4 a6 5. Nc3 Qc7 6. g3 Nf6 7. Bg2 Be7 8. O-O
Nc6 9. Nxc6 dxc6 10. Be3 O-O 11. g4 e5 12. f3 Be6 13. Ne2 Nd7 14. Ng3 Bc5 15.
Bxc5 Nxc5 16. b3 Rfd8 17. Qe1 g6 18. h4 Rd7 19. Qe3 b6 20. Nf5 Bxf5 21. gxf5
Qd8 22. fxg6 fxg6 23. Bh3 Rd6 24. b4 Ne6 25. Bxe6+ Rxe6 26. Qg5 Qxg5+ 27. hxg5
Rd8 28. Rad1 Red6 29. Rxd6 Rxd6 30. Kg2 Kg7 31. Rf2 h6 32. gxh6+ Kxh6 33. Re2
Kg5 34. Kg3 Rd4 35. a3 c5 36. bxc5 bxc5 37. Re3 Rc4 38. Re2 Rc3 39. Rd2 Rxa3
40. Rd5 Rc3 41. Rxe5+ Kf6 42. Rd5 Ke6 43. Rg5 Kf6 44. Rd5 a5 45. Rd6+ Kg5 46.
Ra6 a4 47. Rxa4 Rxc2 48. f4+ Kf6 49. Ra6+ Kf7 50. e5 c4 51. Kf3 c3 52. Ke3 Rc1
53. Kd3 c2 54. Kd2 Rf1 55. Rf6+ Ke7 56. Kxc2 Rg1 57. Kd3 g5 58. Rg6 Rf1 59.
fxg5 Re1 60. Kd4 Rd1+ 61. Kc5 Re1 62. Rg7+ Ke6 63. Rg8 Rxe5+ 64. Kc6 Kf7
1/2-1/2

[Event "August TNT"]
[Site "Winnipeg CAN"]
[Date "2003.08.12"]
[Round "2"]
[White "Van Wyk, Joseph"]
[Black "Hogeveen Rutter, Alexander"]
[Result "1-0"]
[WhiteElo "1930"]
[BlackElo "1661"]
[PlyCount "57"]
[EventDate "2003.08.05"]
[EventType "swiss"]
[EventRounds "4"]
[EventCountry "CAN"]

1. e4 c5 2. Nc3 Nc6 3. g3 Nf6 4. Bg2 d6 5. Nge2 g6 6. O-O Bg7 7. h3 O-O 8. d3
Rb8 9. f4 Bd7 10. a4 a6 11. Be3 Qc7 12. Qd2 Ne8 13. f5 e6 14. fxg6 hxg6 15. Bh6
Kh7 16. Bxg7 Nxg7 17. Rf4 g5 18. Rf6 Nh5 19. Raf1 Nxf6 20. Qxg5 Rg8 21. Qh4+
Kg7 22. Qxf6+ Kh7 23. Qxf7+ Rg7 24. Qh5+ Kg8 25. Nf4 e5 26. Ng6 Rh7 27. Qg5 Be6
28. Ne7+ Kh8 29. Qf6+ 1-0

[Event "August TNT"]
[Site "Winnipeg CAN"]
[Date "2003.08.12"]
[Round "2"]
[White "Zaczek, Jonathan"]
[Black "Shome, Devarshi"]
[Result "1-0"]
[WhiteElo "1642"]
[BlackElo "1624"]
[PlyCount "81"]
[EventDate "2003.08.05"]
[EventType "swiss"]
[EventRounds "4"]
[EventCountry "CAN"]

1. e4 e6 2. d4 d5 3. Nc3 Bb4 4. a3 Bxc3+ 5. bxc3 dxe4 6. Qg4 Ne7 7. Qxg7 Rg8 8.
Qxh7 c5 9. Ne2 Qd5 10. Nf4 Qf5 11. Qxf5 Nxf5 12. d5 Ke7 13. dxe6 Bxe6 14. Nxe6
Kxe6 15. Bc4+ Ke7 16. Bd5 Nd6 17. Bf4 Nc6 18. Bxd6+ Kxd6 19. Bxe4 Rae8 20.
O-O-O+ Kc7 21. Bxc6 Kxc6 22. g3 Re2 23. Rd2 Rge8 24. Rxe2 Rxe2 25. Rf1 Kd5 26.
Kd1 Re6 27. Re1 Ra6 28. Re7 Rxa3 29. Rxb7 Ra1+ 30. Kd2 Rf1 31. Ke2 Rc1 32. Kd2
Rf1 33. Rxf7 a5 34. Rf4 a4 35. c4+ Ke5 36. Kc3 Rb1 37. Rf8 a3 38. Ra8 Rf1 39.
f4+ Kf5 40. Rxa3 Rh1 41. Ra5 1-0

[Event "August TNT"]
[Site "Winnipeg CAN"]
[Date "2003.08.19"]
[Round "3"]
[White "Anderson, George"]
[Black "Taylor, Jasper"]
[Result "0-1"]
[WhiteElo "1487"]
[BlackElo "1462"]
[PlyCount "80"]
[EventDate "2003.08.05"]
[EventType "swiss"]
[EventRounds "4"]
[EventCountry "CAN"]

1. e4 c6 2. Nc3 d5 3. d4 dxe4 4. Nxe4 Bf5 5. Ng3 Bg6 6. Nf3 Nd7 7. c3 Qc7 8.
Bd3 Bxd3 9. Qxd3 e6 10. O-O O-O-O 11. Be3 Bd6 12. Qc2 Ngf6 13. Bg5 h6 14. Bxf6
Nxf6 15. c4 c5 16. dxc5 Bxc5 17. Ne4 Nxe4 18. Qxe4 Be7 19. b3 Bf6 20. Rad1 Rxd1
21. Rxd1 Rd8 22. Rxd8+ Qxd8 23. Qb1 Qc7 24. h3 Kd7 25. Qc2 Qc5 26. Qd3+ Qd6 27.
Qxd6+ Kxd6 28. Kf1 Be7 29. Ke2 e5 30. Kd3 f5 31. Kc3 e4 32. Ne1 Ke5 33. b4 f4
34. g3 e3 35. gxf4+ Kxf4 36. fxe3+ Kxe3 37. c5 g5 38. Kc4 h5 39. Kd5 g4 40.
hxg4 hxg4 0-1

[Event "August TNT"]
[Site "Winnipeg CAN"]
[Date "2003.08.19"]
[Round "3"]
[White "Clory, Ron"]
[Black "Greenberg, Harley"]
[Result "0-1"]
[WhiteElo "1658"]
[BlackElo "1851"]
[PlyCount "78"]
[EventDate "2003.08.05"]
[EventType "swiss"]
[EventRounds "4"]
[EventCountry "CAN"]

1. Nf3 Nf6 2. g3 g6 3. Bg2 d5 4. d3 c5 5. Nbd2 Bg7 6. O-O Nc6 7. c4 O-O 8. a3
Re8 9. Re1 d4 10. e4 dxe3 11. Rxe3 Ng4 12. Re2 Qxd3 13. Qe1 Nd4 14. Nxd4 Bxd4
15. h3 Nxf2 16. Kh2 Qf5 17. Nf3 Nxh3 18. Nh4 Bg1+ 19. Kh1 Bf2 20. Nxf5 Bxe1 21.
Nxe7+ Kf8 22. Nxg6+ fxg6 23. Bh6+ Kf7 24. Bd5+ Be6 25. Bxe6+ Rxe6 26. Rxe6 Bxg3
27. Re2 g5 28. Rf1+ Kg6 29. Re6+ Kh5 30. Bg7 Rd8 31. Rh6+ Kg4 32. Bc3 Re8 33.
Rxh3 Kxh3 34. Rf7 h5 35. Rf3 g4 36. Rd3 Rf8 37. Kg1 Rf3 38. Rd2 Bf4 39. Re2
Be3+ 0-1

[Event "August TNT"]
[Site "Winnipeg CAN"]
[Date "2003.08.19"]
[Round "3"]
[White "Milord, Frank"]
[Black "Hogeveen Rutter, Alexander"]
[Result "0-1"]
[WhiteElo "1589"]
[BlackElo "1675"]
[PlyCount "43"]
[EventDate "2003.08.05"]
[EventType "swiss"]
[EventRounds "4"]
[EventCountry "CAN"]

1. d4 g6 2. e4 Bg7 3. Nc3 d6 4. f4 Nf6 5. Nf3 O-O 6. Be2 Nbd7 7. Be3 c5 8. d5
Nb6 9. Nd2 a6 10. a4 Qc7 11. a5 Nbd7 12. Nc4 b5 13. axb6 Nxb6 14. Na3 e6 15.
dxe6 fxe6 16. O-O d5 17. exd5 exd5 18. Bf3 Bb7 19. Bc1 Rad8 20. Qe1 Rfe8 21.
Qf2 Ng4 22. Qg3 0-1

[Event "August TNT"]
[Site "Winnipeg CAN"]
[Date "2003.08.19"]
[Round "3"]
[White "Nikouline, Alexandre"]
[Black "Cleto, Sam"]
[Result "1-0"]
[WhiteElo "1965"]
[BlackElo "1876"]
[PlyCount "105"]
[EventDate "2003.08.05"]
[EventType "swiss"]
[EventRounds "4"]
[EventCountry "CAN"]

1. e4 c5 2. Nf3 d6 3. d4 cxd4 4. Nxd4 Nf6 5. Nc3 a6 6. Be3 e5 7. Nb3 Be6 8. Be2
b5 9. O-O Nbd7 10. f3 Be7 11. Nd5 O-O 12. a4 Bxd5 13. exd5 b4 14. a5 Ne8 15.
Ra4 Nc5 16. Rxb4 Nc7 17. Qd2 f5 18. Nxc5 dxc5 19. Rb6 f4 20. Bf2 Bd6 21. c4 Qe7
22. b4 cxb4 23. c5 Bxc5 24. d6 Bxf2+ 25. Rxf2 Qd7 26. dxc7 Qxc7 27. Qd5+ Kh8
28. Rb7 Qc1+ 29. Bf1 Rfe8 30. Qd7 Rg8 31. Qd2 Qc6 32. Qxb4 Rad8 33. Rb6 Qc1 34.
Qb2 Qc5 35. Qc2 Qa3 36. Rxa6 Rd4 37. Rc6 Qxa5 38. Rc5 Qa1 39. Qb2 Qa7 40. Rxe5
Rd1 41. Qe2 Qa4 42. g4 fxg3 43. hxg3 Qd7 44. Rh2 h6 45. Qe3 Rc8 46. Rxh6+ gxh6
47. Qxh6+ Qh7 48. Qf6+ Qg7 49. Rh5+ Kg8 50. Qe6+ Qf7 51. Qxc8+ Kg7 52. Qh8+ Kg6
53. Qh6# 1-0

[Event "August TNT"]
[Site "Winnipeg CAN"]
[Date "2003.08.19"]
[Round "3"]
[White "Rutter, Blair"]
[Black "Zaczek, Jonathan"]
[Result "1-0"]
[WhiteElo "1762"]
[BlackElo "1639"]
[PlyCount "45"]
[EventDate "2003.08.05"]
[EventType "swiss"]
[EventRounds "4"]
[EventCountry "CAN"]

1. d4 Nf6 2. c4 g6 3. Nc3 Bg7 4. e4 d6 5. h3 O-O 6. Nf3 e5 7. dxe5 dxe5 8. Be3
b6 9. Qc2 Bb7 10. Rd1 Qe7 11. Be2 Nc6 12. Nd5 Nxd5 13. cxd5 Nb4 14. Qb3 a5 15.
a3 Na6 16. Rc1 Rac8 17. O-O Qd6 18. Rfd1 h6 19. Rc2 f5 20. Rc6 Qe7 21. Rxg6 f4
22. d6+ Qf7 23. Bc4 1-0

[Event "August TNT"]
[Site "Winnipeg CAN"]
[Date "2003.08.19"]
[Round "3"]
[White "Vincent, Trevor"]
[Black "Klokow, John"]
[Result "1-0"]
[WhiteElo "2044"]
[BlackElo "1750"]
[PlyCount "49"]
[EventDate "2003.08.05"]
[EventType "swiss"]
[EventRounds "4"]
[EventCountry "CAN"]

1. c4 Nf6 2. g3 d5 3. cxd5 Nxd5 4. Bg2 e5 5. Nc3 Nxc3 6. bxc3 Bd6 7. Nf3 Nd7 8.
O-O Nf8 9. e4 Bg4 10. d4 Ng6 11. h3 Bxf3 12. Qxf3 a5 13. Be3 b5 14. Qe2 Rb8 15.
f4 exf4 16. gxf4 O-O 17. e5 Be7 18. f5 Nh4 19. f6 Ba3 20. fxg7 Re8 21. Qh5 Ng6
22. Be4 Qh4 23. Qf3 Re7 24. Qg2 Rbe8 25. Bg5 1-0

[Event "August TNT"]
[Site "Winnipeg CAN"]
[Date "2003.08.26"]
[Round "4"]
[White "Cleto, Sam"]
[Black "Van Wyk, Joseph"]
[Result "0-1"]
[WhiteElo "1876"]
[BlackElo "1927"]
[PlyCount "51"]
[EventDate "2003.08.05"]
[EventType "swiss"]
[EventRounds "4"]
[EventCountry "CAN"]

1. Nf3 Nf6 2. c4 e6 3. Nc3 c5 4. d4 cxd4 5. Nxd4 Nc6 6. e4 Bb4 7. a3 Bxc3+ 8.
bxc3 Qa5 9. Nb5 O-O 10. Qc2 a6 11. Nd6 Nd4 12. Qd3 Nb3 13. Rb1 Nxc1 14. Rxc1
Qxa3 15. Rd1 Ne8 16. e5 Nxd6 17. exd6 a5 18. Be2 b6 19. Qh3 Ba6 20. O-O Rfc8
21. Rd4 Rc5 22. Bd3 f5 23. Rh4 h6 24. Rg4 fxg4 25. Qxg4 Rf5 26. Qe4 0-1

[Event "August TNT"]
[Site "Winnipeg CAN"]
[Date "2003.08.26"]
[Round "4"]
[White "Gibbons, Lorne"]
[Black "Taylor, Evan"]
[Result "1-0"]
[WhiteElo "1296"]
[BlackElo "1395"]
[PlyCount "131"]
[EventDate "2003.08.05"]
[EventType "swiss"]
[EventRounds "4"]
[EventCountry "CAN"]

1. d4 Nf6 2. c4 e6 3. Nc3 d5 4. c5 Nbd7 5. Bf4 c6 6. b4 a5 7. a3 axb4 8. axb4
Rxa1 9. Qxa1 b6 10. Qa8 Nh5 11. Bd2 Qc7 12. e3 Be7 13. Be2 Nhf6 14. Nf3 O-O 15.
O-O Bb7 16. Qa2 bxc5 17. bxc5 e5 18. Rb1 e4 19. Ne1 Ra8 20. Qb2 Rb8 21. Qc2 Bc8
22. Qa4 Rxb1 23. Nxb1 Nf8 24. Qa8 Ng4 25. g3 Nf6 26. Ba5 Qb7 27. Qxb7 Bxb7 28.
Nc2 N8d7 29. Nb4 Kf8 30. Bd1 Ke8 31. Ba4 Nb8 32. Nd2 Nfd7 33. f3 f5 34. Bc7 Bd8
35. Bxd8 Kxd8 36. fxe4 fxe4 37. Kg2 Kc7 38. g4 Bc8 39. Nb3 Nf6 40. h3 h6 41.
Kg3 g5 42. Na5 Bd7 43. Bd1 Ne8 44. Nb3 Kb7 45. Na5+ Kc7 46. h4 Nf6 47. hxg5
hxg5 48. Nb3 Kb7 49. Be2 Kc7 50. Na2 Bc8 51. Nc3 Ba6 52. Nd2 Bxe2 53. Nxe2 Kb7
54. Ng1 Ka6 55. Nh3 Nh7 56. Nf1 Nd7 57. Nh2 Kb5 58. Kf2 Kc4 59. Ng1 Kd3 60. Ne2
Nb8 61. Ng3 Na6 62. Nf5 Nb4 63. Ne7 Nc2 64. Nxc6 Nxe3 65. Ne5+ Kxd4 66. c6 1-0

[Event "August TNT"]
[Site "Winnipeg CAN"]
[Date "2003.08.26"]
[Round "4"]
[White "Hogeveen Rutter, Alexander"]
[Black "Wood, Nathan"]
[Result "1-0"]
[WhiteElo "1675"]
[BlackElo "1132"]
[PlyCount "71"]
[EventDate "2003.08.05"]
[EventType "swiss"]
[EventRounds "4"]
[EventCountry "CAN"]

1. e4 Nf6 2. Nc3 e6 3. d4 d6 4. Nf3 Nc6 5. Bd3 g6 6. O-O Bg7 7. Ne2 O-O 8. c3
b6 9. Bg5 Qe8 10. Ng3 h6 11. Bf4 e5 12. Be3 Ng4 13. h3 exd4 14. Bxd4 Bxd4 15.
cxd4 Nf6 16. Re1 Bb7 17. Bb5 a6 18. Bxc6 Bxc6 19. Qc1 Qd7 20. Qxh6 Ne8 21. Ng5
f6 22. Qxg6+ Qg7 23. Qxg7+ Kxg7 24. Ne6+ Kf7 25. Nxf8 Kxf8 26. d5 Bd7 27. Rac1
Kf7 28. Re3 Rc8 29. Rec3 Bb5 30. b3 Ke7 31. a4 Bd7 32. f4 b5 33. axb5 Bxb5 34.
Nf5+ Kd7 35. Nd4 Rb8 36. g4 1-0

[Event "August TNT"]
[Site "Winnipeg CAN"]
[Date "2003.08.26"]
[Round "4"]
[White "Rutter, Blair"]
[Black "Greenberg, Harley"]
[Result "0-1"]
[WhiteElo "1762"]
[BlackElo "1851"]
[PlyCount "74"]
[EventDate "2003.08.05"]
[EventType "swiss"]
[EventRounds "4"]
[EventCountry "CAN"]

1. d4 Nf6 2. c4 e6 3. a3 c5 4. d5 exd5 5. cxd5 d6 6. Nc3 g6 7. e4 Bg7 8. Qc2
O-O 9. Be2 Re8 10. Nf3 a6 11. O-O b5 12. Nd2 Qc7 13. a4 b4 14. Nd1 Nxd5 15. Bf3
Nf6 16. e5 Bf5 17. Qb3 Be6 18. Nc4 Bxc4 19. Qxc4 d5 20. Qh4 Qxe5 21. Bf4 Qe6
22. Ne3 Ra7 23. Rad1 d4 24. Nc2 Rae7 25. b3 Qxb3 26. Nxd4 cxd4 27. Bg5 Re6 28.
Rxd4 Qc3 29. Bd2 Qb2 30. Bxb4 Ne4 31. Rd8 Qxb4 32. Rfd1 Qe7 33. Rxe8+ Qxe8 34.
Rd8 Nd2 35. Rxe8+ Rxe8 36. h3 Re1+ 37. Kh2 Be5+ 0-1

[Event "August TNT"]
[Site "Winnipeg CAN"]
[Date "2003.08.26"]
[Round "4"]
[White "Shome, Devarshi"]
[Black "Clory, Ron"]
[Result "0-1"]
[WhiteElo "1717"]
[BlackElo "1658"]
[PlyCount "50"]
[EventDate "2003.08.05"]
[EventType "swiss"]
[EventRounds "4"]
[EventCountry "CAN"]

1. e4 d6 2. d4 g6 3. Nc3 Bg7 4. f4 Nf6 5. Nf3 c5 6. d5 O-O 7. Bd3 a6 8. O-O Bg4
9. h3 Bxf3 10. Qxf3 b5 11. g4 c4 12. Be2 Nfd7 13. h4 Qb6+ 14. Be3 Bd4 15. Bxd4
Qxd4+ 16. Kh2 Nb6 17. Rad1 Qc5 18. h5 b4 19. hxg6 fxg6 20. Nb1 N8d7 21. f5 Ne5
22. Qf4 Nbd7 23. Rf3 Rf7 24. Nd2 c3 25. Nb3 Qc8 0-1

[Event "August TNT"]
[Site "Winnipeg CAN"]
[Date "2003.08.26"]
[Round "4"]
[White "Taylor, Jasper"]
[Black "Klokow, John"]
[Result "0-1"]
[WhiteElo "1462"]
[BlackElo "1750"]
[PlyCount "90"]
[EventDate "2003.08.05"]
[EventType "swiss"]
[EventRounds "4"]
[EventCountry "CAN"]

1. d4 Nf6 2. Nf3 e6 3. c4 c5 4. e3 cxd4 5. exd4 d5 6. cxd5 Nxd5 7. Bb5+ Bd7 8.
Bxd7+ Nxd7 9. O-O Be7 10. Bd2 O-O 11. Nc3 N7f6 12. Rc1 Rc8 13. Qb3 Qb6 14. Nxd5
Nxd5 15. Qxb6 Nxb6 16. Rfe1 Nd5 17. Kf1 Bb4 18. Bxb4 Nxb4 19. a3 Nd3 20. Rxc8
Rxc8 21. Re2 Rc1+ 22. Ne1 Kf8 23. Re3 Rxe1+ 24. Rxe1 Nxe1 25. Kxe1 Ke7 26. Ke2
Kd6 27. Kd3 Kd5 28. f4 h5 29. h4 b5 30. b3 a5 31. a4 bxa4 32. bxa4 f6 33. Kc3
Ke4 34. Kc4 Kxf4 35. Kb5 Ke4 36. Kxa5 Kxd4 37. Kb6 e5 38. a5 e4 39. a6 e3 40.
a7 e2 41. a8=Q e1=Q 42. Qa4+ Ke3 43. Qe8+ Kf2 44. Qxh5 Qe3+ 45. Kc7 Qe5+ 0-1

[Event "August TNT"]
[Site "Winnipeg CAN"]
[Date "2003.08.26"]
[Round "4"]
[White "Vincent, Trevor"]
[Black "Nikouline, Alexandre"]
[Result "1-0"]
[WhiteElo "2044"]
[BlackElo "1965"]
[PlyCount "93"]
[EventDate "2003.08.05"]
[EventType "swiss"]
[EventRounds "4"]
[EventCountry "CAN"]

1. c4 e5 2. g3 d6 3. Bg2 g6 4. Nc3 Bg7 5. e4 Nf6 6. Nge2 O-O 7. O-O Nbd7 8. d3
c6 9. h3 Nc5 10. Be3 Nh5 11. g4 Nf4 12. Nxf4 exf4 13. Bxf4 f5 14. f3 Bd4+ 15.
Kh1 Ne6 16. Bh2 f4 17. Ne2 Qh4 18. Nxd4 Nxd4 19. Qd2 Qf6 20. b4 c5 21. Rae1 Qe5
22. Bg1 Bd7 23. Bf2 g5 24. Kh2 Rae8 25. Rh1 b6 26. Kg1 Re7 27. h4 h6 28. hxg5
hxg5 29. Rh5 Rh7 30. Rxh7 Kxh7 31. bxc5 dxc5 32. a4 Bxa4 33. Qa2 Qe8 34. Ra1
Qd7 35. Qxa4 Ne2+ 36. Kh2 Qg7 37. Bf1 Ng3 38. Bxg3 fxg3+ 39. Kxg3 Qe5+ 40. Kf2
Qd4+ 41. Ke2 Qb2+ 42. Kd1 Rxf3 43. Qd7+ Kg6 44. Qe6+ Rf6 45. Qg8+ Kh6 46. Qh8+
Kg6 47. Qh5+ 1-0

[Event "August TNT"]
[Site "Winnipeg CAN"]
[Date "2003.08.26"]
[Round "4"]
[White "Zaczek, Jonathan"]
[Black "Milord, Frank"]
[Result "1-0"]
[WhiteElo "1639"]
[BlackElo "1589"]
[PlyCount "110"]
[EventDate "2003.08.05"]
[EventType "swiss"]
[EventRounds "4"]
[EventCountry "CAN"]

1. e4 e5 2. Nf3 Nc6 3. Bb5 a6 4. Ba4 Nf6 5. O-O b5 6. Bb3 Bc5 7. c3 d6 8. d4
Bb6 9. dxe5 dxe5 10. Qxd8+ Kxd8 11. Bxf7 Rf8 12. Bd5 Nxd5 13. exd5 Ne7 14. Be3
Bxe3 15. fxe3 e4 16. Ng5 Rxf1+ 17. Kxf1 Nxd5 18. Kf2 Bf5 19. Nd2 Nf6 20. Rd1
Ke7 21. Nb3 h6 22. Nh3 Ng4+ 23. Kg3 Nxe3 24. Re1 Nd5 25. Nf2 e3 26. Nd1 Kd6 27.
Nxe3 Nxe3 28. Rxe3 c5 29. Nxc5 g6 30. b4 Ra7 31. Kh4 a5 32. g4 Bc8 33. a3 axb4
34. axb4 Re7 35. Rxe7 Kxe7 36. Ne4 Be6 37. Nd2 Kd6 38. Kg3 Bd5 39. Kf4 Ke6 40.
h4 Kf6 41. Ne4+ Ke6 42. Nc5+ Kd6 43. Nd3 Ke6 44. g5 hxg5+ 45. Kxg5 Bc4 46. Nf4+
Kd6 47. Nxg6 Be2 48. Kf5 Bd3+ 49. Kf6 Be2 50. Nf4 Bf3 51. Kf5 Bd1 52. Ke4 Bc2+
53. Kd4 Bf5 54. h5 Bh7 55. Nd5 Ke6 1-0

[Event "August op"]
[Site "Edmonton CAN"]
[Date "2003.08.07"]
[Round "1"]
[White "Pua, Richard"]
[Black "Rekhson, Vladislav"]
[Result "0-1"]
[WhiteElo "1635"]
[BlackElo "1883"]
[PlyCount "84"]
[EventDate "2003.08.07"]
[EventType "swiss"]
[EventRounds "4"]
[EventCountry "CAN"]
[SourceDate "2003.08.17"]

1. e4 e5 2. Nf3 Nc6 3. Bc4 Nf6 4. d3 Bc5 5. Nc3 d6 6. Bg5 h6 7. Bxf6 Qxf6 8.
Nd5 Qd8 9. h3 Na5 10. Qd2 Nxc4 11. dxc4 Be6 12. b3 O-O 13. g4 Bxd5 14. cxd5 Qf6
15. Ke2 c6 16. c4 cxd5 17. cxd5 Rac8 18. Rac1 a5 19. a4 Qd8 20. Qd3 Qb6 21.
Rhf1 Rc7 22. Nd2 Rfc8 23. Rc4 Qa7 24. Rfc1 b5 25. axb5 Qb6 26. b4 axb4 27. Nb3
Qxb5 28. Nxc5 Rxc5 29. Rxc5 Rxc5 30. Rxc5 Qxc5 31. Kf3 Qd4 32. Qc2 g6 33. h4
Kg7 34. g5 Qc3+ 35. Qxc3 bxc3 36. Ke3 h5 37. Kd3 f6 38. gxf6+ Kxf6 39. Kxc3 g5
40. Kd3 gxh4 41. Ke3 h3 42. Kf3 h4 0-1

[Event "August op"]
[Site "Edmonton CAN"]
[Date "2003.08.21"]
[Round "3"]
[White "Hughey, Micah"]
[Black "Kazakevich, Anastasia"]
[Result "1-0"]
[WhiteElo "2112"]
[BlackElo "1791"]
[PlyCount "65"]
[EventDate "2003.08.07"]
[EventType "swiss"]
[EventRounds "4"]
[EventCountry "CAN"]
[SourceDate "2003.08.17"]

1. e4 c5 2. c3 d5 3. exd5 Qxd5 4. d4 cxd4 5. cxd4 Nc6 6. Nf3 Bg4 7. Be2 Nf6 8.
Nc3 Qd8 9. d5 Nb8 10. h3 Bh5 11. O-O e6 12. dxe6 fxe6 13. Qb3 Qb6 14. Bb5+ Nbd7
15. Be3 Qc7 16. Qxe6+ Be7 17. Ne5 Qd6 18. Qxd6 Bxd6 19. Nxd7 Nxd7 20. g4 Bg6
21. Rfd1 a6 22. Bxd7+ Kxd7 23. Bf4 Rad8 24. Rxd6+ Kc8 25. Rxd8+ Rxd8 26. Rd1
Rxd1+ 27. Nxd1 Bf7 28. a3 Kd7 29. Nc3 b5 30. Be5 g6 31. f4 Ke6 32. Ne4 Kd5 33.
Nf6+ 1-0

[Event "August op"]
[Site "Edmonton CAN"]
[Date "2003.08.21"]
[Round "3"]
[White "Orr, Douglas"]
[Black "Wihnon, Jason"]
[Result "0-1"]
[WhiteElo "1554"]
[BlackElo "1841"]
[PlyCount "84"]
[EventDate "2003.08.07"]
[EventType "swiss"]
[EventRounds "4"]
[EventCountry "CAN"]

1. e4 c5 2. Nf3 d6 3. d4 cxd4 4. Nxd4 Nf6 5. Nc3 g6 6. Bd3 Bg7 7. h3 Nc6 8.
Nde2 O-O 9. O-O Bd7 10. Be3 a6 11. Na4 b5 12. Nb6 Rb8 13. Nxd7 Qxd7 14. Qd2
Rfc8 15. f4 Nh5 16. c3 Na5 17. g4 Nf6 18. b3 Nb7 19. Rac1 Nc5 20. Ng3 Nxd3 21.
Qxd3 Qb7 22. f5 Nd7 23. Bd4 Ne5 24. Qe2 Rc7 25. g5 Rbc8 26. f6 exf6 27. gxf6
Bf8 28. Bxe5 dxe5 29. Qe1 Qb6+ 30. Kh2 Bh6 31. Rc2 Bg5 32. Rg1 Bf4 33. Kh1 Bxg3
34. Rxg3 Qxf6 35. Qe2 Rd8 36. Rd2 Rdc8 37. Rc2 Rc6 38. c4 bxc4 39. Rxc4 Rxc4
40. bxc4 Qb6 41. Rc3 Rd8 42. Rd3 Qb1+ 0-1

[Event "August op"]
[Site "Edmonton CAN"]
[Date "2003.08.28"]
[Round "4"]
[White "Chi, Jonathan"]
[Black "Rekhson, Vladislav"]
[Result "1/2-1/2"]
[WhiteElo "1727"]
[BlackElo "1923"]
[PlyCount "142"]
[EventDate "2003.08.07"]
[EventType "swiss"]
[EventRounds "4"]
[EventCountry "CAN"]
[SourceDate "2003.08.17"]

1. d4 Nf6 2. c4 e6 3. Nc3 d5 4. Bg5 Be7 5. e3 Nbd7 6. Qc2 O-O 7. Rc1 c6 8. Nf3
h6 9. Bh4 dxc4 10. Bxc4 Nd5 11. Bxe7 Qxe7 12. O-O N7b6 13. Be2 e5 14. Rfd1 exd4
15. Rxd4 Nf6 16. Rcd1 Be6 17. b3 Rad8 18. Rxd8 Rxd8 19. Rxd8+ Qxd8 20. Qd3 Qxd3
21. Bxd3 Nbd5 22. Nxd5 Nxd5 23. Nd2 Nb4 24. Bb1 Nd5 25. Bd3 Nc3 26. a3 Kf8 27.
e4 Ke7 28. e5 Bd5 29. f4 f6 30. exf6+ Kxf6 31. g3 Be6 32. Kf2 Bf5 33. Bxf5 Kxf5
34. Kf3 Nb5 35. a4 Nd4+ 36. Ke3 c5 37. h3 h5 38. Nc4 Nxb3 39. Nd6+ Ke6 40. Nxb7
Kd5 41. g4 h4 42. f5 c4 43. a5 Ke5 44. a6 Nd4 45. Nc5 c3 46. Nd3+ Kd5 47. Nc1
c2 48. Kd3 Nf3 49. Kxc2 Ng5 50. Kd3 Nxh3 51. Ke3 Ng5 52. Kf4 h3 53. Kg3 Ke4 54.
Ne2 h2 55. Kxh2 Kf3 56. Nd4+ Kxg4 57. Nc6 Ne4 58. Nxa7 Nc5 59. Nc8 Nxa6 60. Nd6
Nc7 61. Kg2 Kf4 62. Kf2 Ke5 63. Nc4+ Kxf5 64. Kf3 Nd5 65. Nd6+ Ke6 66. Nc4 g6
67. Kg4 Kf6 68. Nd2 Nc3 69. Nc4 Ne4 70. Nb2 g5 71. Nd3 Nd2 1/2-1/2